<?xml version="1.0" encoding="UTF-8"?>
<record
    xmlns:xsi="http://www.w3.org/2001/XMLSchema-instance"
    xsi:schemaLocation="http://www.loc.gov/MARC21/slim http://www.loc.gov/standards/marcxml/schema/MARC21slim.xsd"
    xmlns="http://www.loc.gov/MARC21/slim">

  <leader>01163nam a2200313uu 4500</leader>
  <controlfield tag="001">1435102</controlfield>
  <controlfield tag="005">20260508090558.0</controlfield>
  <controlfield tag="008">160303s2010                        spa  </controlfield>
  <datafield tag="035" ind1=" " ind2=" ">
    <subfield code="a">1435102</subfield>
  </datafield>
  <datafield tag="040" ind1=" " ind2=" ">
    <subfield code="c">comduadb</subfield>
  </datafield>
  <datafield tag="041" ind1=" " ind2=" ">
    <subfield code="a">spa</subfield>
  </datafield>
  <datafield tag="090" ind1=" " ind2=" ">
    <subfield code="a">C-F</subfield>
  </datafield>
  <datafield tag="100" ind1="1" ind2="0">
    <subfield code="a">Montoya L&#xF3;pez, Armando</subfield>
    <subfield code="4">art</subfield>
    <subfield code="e">art</subfield>
    <subfield code="9">399939</subfield>
  </datafield>
  <datafield tag="245" ind1="1" ind2="0">
    <subfield code="a">Visiones del Bicentenario: fotograf&#xED;a contempor&#xE1;nea en Medell&#xED;n Espa&#xF1;a-Francia-Colombia</subfield>
  </datafield>
  <datafield tag="260" ind1=" " ind2=" ">
    <subfield code="a">Medell&#xED;n :</subfield>
    <subfield code="b">Universidad de Antioquia. Facultad de Artes,</subfield>
    <subfield code="c">2010.</subfield>
  </datafield>
  <datafield tag="300" ind1=" " ind2=" ">
    <subfield code="a">18 p&#xE1;ginas :</subfield>
    <subfield code="b">ilustraciones a color</subfield>
  </datafield>
  <datafield tag="650" ind1=" " ind2=" ">
    <subfield code="a">Cat&#xE1;logos de arte</subfield>
    <subfield code="9">4199</subfield>
  </datafield>
  <datafield tag="650" ind1=" " ind2=" ">
    <subfield code="a">Fotografia y realidad</subfield>
    <subfield code="9">187660</subfield>
  </datafield>
  <datafield tag="650" ind1=" " ind2=" ">
    <subfield code="a">Fotograf&#xED;a contempor&#xE1;nea</subfield>
    <subfield code="9">157388</subfield>
  </datafield>
  <datafield tag="650" ind1=" " ind2=" ">
    <subfield code="a">Fotografia social</subfield>
    <subfield code="9">98564</subfield>
  </datafield>
  <datafield tag="650" ind1=" " ind2=" ">
    <subfield code="a">Fotograf&#xED;a urbana</subfield>
    <subfield code="9">220417</subfield>
  </datafield>
  <datafield tag="700" ind1="1" ind2="0">
    <subfield code="a">Echavarria R, Camilo C</subfield>
    <subfield code="4">art</subfield>
    <subfield code="e">art</subfield>
    <subfield code="9">633583</subfield>
  </datafield>
  <datafield tag="700" ind1="1" ind2="0">
    <subfield code="a">Ortiz Urrego, Jhon Mario</subfield>
    <subfield code="4">art</subfield>
    <subfield code="e">art</subfield>
    <subfield code="9">342546</subfield>
  </datafield>
  <datafield tag="700" ind1="1" ind2="0">
    <subfield code="a">V&#xE9;lez Salazar, Gabriel Mario</subfield>
    <subfield code="4">art</subfield>
    <subfield code="e">art</subfield>
    <subfield code="9">544104</subfield>
  </datafield>
  <datafield tag="700" ind1="1" ind2="0">
    <subfield code="a">Correa Rodriguez, Liliana Patricia</subfield>
    <subfield code="4">art</subfield>
    <subfield code="e">art</subfield>
    <subfield code="9">587396</subfield>
  </datafield>
  <datafield tag="700" ind1="1" ind2="0">
    <subfield code="a">Puerta A., Luz Angela</subfield>
    <subfield code="4">art</subfield>
    <subfield code="e">art</subfield>
    <subfield code="9">554360</subfield>
  </datafield>
  <datafield tag="700" ind1="1" ind2="0">
    <subfield code="a">Mu&#xF1;oz Mart&#xED;nez, Victor Andr&#xE9;s</subfield>
    <subfield code="4">art</subfield>
    <subfield code="e">art</subfield>
    <subfield code="9">579277</subfield>
  </datafield>
  <datafield tag="942" ind1=" " ind2=" ">
    <subfield code="c">BOOK</subfield>
  </datafield>
  <datafield tag="999" ind1=" " ind2=" ">
    <subfield code="c">738855</subfield>
    <subfield code="d">738855</subfield>
  </datafield>
  <datafield tag="952" ind1=" " ind2=" ">
    <subfield code="0">0</subfield>
    <subfield code="1">0</subfield>
    <subfield code="4">0</subfield>
    <subfield code="7">0</subfield>
    <subfield code="8">CATARTE</subfield>
    <subfield code="a">CEDEA</subfield>
    <subfield code="b">CEDEA</subfield>
    <subfield code="d">2016-03-03</subfield>
    <subfield code="e">Material adquirido por donaci&#xF3;n</subfield>
    <subfield code="i">C1241017</subfield>
    <subfield code="l">0</subfield>
    <subfield code="o">C-F 0102</subfield>
    <subfield code="p">0784120</subfield>
    <subfield code="r">2023-05-03 00:00:00</subfield>
    <subfield code="t">1</subfield>
    <subfield code="w">2023-05-03</subfield>
    <subfield code="y">BOOKI</subfield>
  </datafield>
</record>
